MARC

LEADER 00000nam0a2200000 4500
001 348275
005 20231102010106.0
035 |a (RuTPU)RU\TPU\book\380250 
035 |a RU\TPU\book\349475 
090 |a 348275 
100 |a 20221125d1978 km y0rusy50 ca 
101 0 |a rus 
102 |a RU 
105 |a a g 001zy 
200 1 |a Справочник по транзисторным радиоприемникам, радиолам и электрофонам  |h Ч. 1  |i Переносные приемники и радиолы  |f И. Ф. Белов, Е. В. Дрызго 
210 |a Москва  |c Советское радио  |d 1978 
215 |a 336 с.  |c ил. 
320 |a Алфавитный указатель радиоприемников: с. 334 
606 1 |a Радиоприемники полупроводниковые  |2 stltpush  |3 (RuTPU)RU\TPU\subj\22995  |9 47665 
610 1 |a радиоэлектроника 
610 1 |a переносные приемники 
610 1 |a радиолы 
610 1 |a технические характеристики 
610 1 |a отечественные транзисторные радиовещательные приемники 
610 1 |a параметры 
610 1 |a измерения 
610 1 |a неисправности 
610 1 |a устранение 
610 1 |a справочники 
610 1 |a радиоприемные устройства 
610 1 |a настройка 
610 1 |a справочники 
675 |a 621.396.62(035)  |v 4 
700 1 |a Белов  |b И. Ф.  |g Иван Федорович 
701 1 |a Дрызго  |b Е. В.  |g Евгений Владимирович 
801 1 |a RU  |b 63413507  |c 20121017 
801 2 |a RU  |b 63413507  |c 20221125  |g RCR 
942 |c BK